000 01199cam a22002891i 4500
003 SA-RiAUC
005 20250913051740.0
008 250912s1987 ua g 00000 ara c
040 _aSA-RiAUC
_bara
_cSA-RiAUC
_erda
082 0 4 _a231
090 _a231
_bد هـ ل
100 1 _aالدهلوي، عبد الحق بن سيف الدين بن سعد الله،
_d958-1052 هجري
_eمؤلف.
245 1 0 _aفي أصول الحديث /
_cعبد الحق الدهلوي ؛ تقديم وتعليق سلمان الحسيني الندوي.
250 _aالطبعة الأولى.
264 1 _aالقاهرة :
_bدار الصحوة للنشر،
_c1987.
300 _a117 صفحة ؛
_c16 سم
336 _aنص
_btxt
_2rdacontent
_3كتاب
337 _aبدون وسيط
_bn
_2rdamedia
338 _aمجلد
_bnc
_2rdacarrier
650 7 _aعلم الحديث
_2aucsh
650 7 _aعلم دراية الحديث
_2aucsh
650 7 _aعلم دراية الحديث
_2aucsh
650 7 _aالحديث
_xمصطلح
_2aucsh
700 1 _aالندوي، سلمان محمد طاهر الحسيني،
_d1954-1990
_eمقدم.
942 _2ddc
_cBOOK
_n0
949 _aSA-JeALM
_d250912
_umohamedma123
_n1
999 _c11656
_d11656